[Event "4th Tournament of Peace"]
[Site "Zagreb/Rijeka YUG"]
[Date "1985.04.21"]
[Round "1"]
[White "Bukal, Vladimir"]
[Black "Hulak, Krunoslav"]
[Result "0-1"]
[WhiteElo "2440"]
[BlackElo "2450"]
[EventDate "1985.04.21"]
[PlyCount "84"]

1.c4 Nf6 2.Nf3 g6 3.Nc3 Bg7 4.g3 O-O 5.Bg2 d6 6.O-O e5 7.d4 Nbd7 8.e4 c6 
9.h3 Qb6 10.Re1 exd4 11.Nxd4 Ne8 12.Nc2 Nc5 13.Qd2 a5 14.b3 f5 15.Rb1 Be5 
16.exf5 Bxf5 17.Re3 Ng7 18.Ba3 Bxc2 19.Qxc2 Nf5 20.Rxe5 dxe5 21.Na4 Nxa4 
22.bxa4 Qc7 23.Bxf8 Rxf8 24.c5 Nd4 25.Qe4 Qe7 26.Rc1 Qf7 27.Rf1 Re8 28.Rd1
Qc4 29.f4 Qxc5 30.Kh2 Nf5 31.Rd7 Qc3 32.Rd3 Qb4 33.Qe2 e4 34.Rb3 Qe7 35.
Qc4+ Kh8 36.Qc3+ Ng7 37.Qxa5 e3 38.Rb1 e2 39.Re1 Qe3 40.Qb4 Nf5 41.Qb2+ 
Kg8 42.a5 Qxg3+ 0-1

[Event "4th Tournament of Peace"]
[Site "Zagreb/Rijeka YUG"]
[Date "1985.04.21"]
[Round "1"]
[White "Cebalo, Miso"]
[Black "Popovic, Petar"]
[Result "1/2-1/2"]
[WhiteElo "2485"]
[BlackElo "2540"]
[EventDate "1985.04.21"]
[PlyCount "66"]

1.c4 Nf6 2.Nf3 e6 3.d4 b6 4.Nc3 Bb4 5.Bg5 Bb7 6.e3 h6 7.Bh4 g5 8.Bg3 Ne4 
9.Qc2 Bxc3+ 10.bxc3 d6 11.Bd3 Nxg3 12.fxg3 Nd7 13.O-O Qe7 14.Qa4 O-O 15.e4
Kh8 16.Rae1 a5 17.e5 dxe5 18.Nxe5 Nxe5 19.Rxe5 f6 20.Re3 e5 21.Qb5 Qd6 22.
c5 Qe6 23.cxb6 cxb6 24.Bc4 Qd6 25.dxe5 Qd2 26.Re2 Qxc3 27.Qd7 Qxc4 28.exf6
Rf7 29.Re7 Raf8 30.Qxb7 Qc5+ 31.Rf2 Qc1+ 32.Rf1 Qc5+ 33.Rf2 Qc1+ 1/2-1/2

[Event "4th Tournament of Peace"]
[Site "Zagreb/Rijeka YUG"]
[Date "1985.04.21"]
[Round "1"]
[White "Ribli, Zoltan"]
[Black "Ivanovic, Bozidar"]
[Result "1-0"]
[WhiteElo "2615"]
[BlackElo "2515"]
[EventDate "1985.04.21"]
[PlyCount "95"]

1.Nf3 Nf6 2.c4 e6 3.g3 d5 4.Bg2 Be7 5.O-O O-O 6.d4 dxc4 7.Ne5 Qd6 8.Nxc4 
Qa6 9.Nba3 Rd8 10.Qb3 c6 11.Rd1 Nbd7 12.Bd2 Nb6 13.Ba5 Nfd7 14.Rac1 Re8 
15.Bb4 Qa4 16.Qxa4 Nxa4 17.Bxe7 Rxe7 18.b3 Nab6 19.e4 Nf6 20.f4 Bd7 21.Bf3
h6 22.Kf2 Be8 23.Rd2 g5 24.h4 Rd8 25.e5 Nh7 26.Nxb6 axb6 27.hxg5 hxg5 28.
Nc4 b5 29.Nd6 f5 30.a4 bxa4 31.bxa4 Ra8 32.Ra2 Ra6 33.Raa1 Nf8 34.a5 Ng6 
35.Ke3 gxf4+ 36.gxf4 Nh4 37.Bh1 Bh5 38.Rcb1 Rg7 39.Rxb7 Ng2+ 40.Bxg2 Rxg2 
41.Rb6 Ra8 42.a6 Kh7 43.a7 Rag8 44.Kd3 R8g3+ 45.Kc4 Rc2+ 46.Kb4 c5+ 47.
dxc5 Bf3 48.Ra3 1-0

[Event "4th Tournament of Peace"]
[Site "Zagreb/Rijeka YUG"]
[Date "1985.04.21"]
[Round "1"]
[White "Rukavina, Josip"]
[Black "Cvitan, Ognjen"]
[Result "1/2-1/2"]
[WhiteElo "2470"]
[BlackElo "2465"]
[EventDate "1985.04.21"]
[PlyCount "36"]

1.d4 Nf6 2.c4 e6 3.Nf3 b6 4.g3 Bb7 5.Bg2 Be7 6.O-O O-O 7.Nc3 Ne4 8.Qc2 
Nxc3 9.Qxc3 Bf6 10.Rd1 d6 11.b3 c5 12.Bb2 Nd7 13.Qd2 Qe7 14.Ne1 Bxg2 15.
Nxg2 Rfd8 16.Ne3 cxd4 17.Bxd4 Bxd4 18.Qxd4 Nf6 1/2-1/2

[Event "4th Tournament of Peace"]
[Site "Zagreb/Rijeka YUG"]
[Date "1985.04.21"]
[Round "1"]
[White "Sax, Gyula"]
[Black "Handoko, Edhi"]
[Result "1/2-1/2"]
[WhiteElo "2565"]
[BlackElo "2420"]
[EventDate "1985.04.21"]
[PlyCount "69"]

1.e4 e5 2.Nf3 Nf6 3.Nxe5 d6 4.Nf3 Nxe4 5.d4 d5 6.Bd3 Be7 7.O-O Nc6 8.Re1 
Bg4 9.c3 f5 10.Qb3 Qd6 11.Nfd2 Nxd2 12.Nxd2 O-O 13.h3 Bh5 14.Nf1 f4 15.Nh2
Bh4 16.Be4 Bf7 17.Bf3 Rae8 18.Bd2 Na5 19.Qb4 Qxb4 20.cxb4 Nc6 21.Bc3 Rxe1+
22.Rxe1 Bf6 23.Ng4 Bxd4 24.b5 Bxc3 25.bxc3 Na5 26.Rd1 c6 27.Ne5 Re8 28.
bxc6 bxc6 29.Nxf7 Kxf7 30.Rd4 Re1+ 31.Kh2 Nc4 32.Rxf4+ Ke7 33.Rg4 Kf6 34.
Rf4+ Ke7 35.Rg4 1/2-1/2

[Event "4th Tournament of Peace"]
[Site "Zagreb/Rijeka YUG"]
[Date "1985.04.21"]
[Round "1"]
[White "Timman, Jan"]
[Black "Kovacevic, Vlatko"]
[Result "1-0"]
[WhiteElo "2650"]
[BlackElo "2530"]
[EventDate "1985.04.21"]
[PlyCount "77"]

1.e4 e5 2.Nf3 Nf6 3.Nxe5 d6 4.Nf3 Nxe4 5.d4 d5 6.Bd3 Be7 7.O-O Nc6 8.c4 
Nb4 9.cxd5 Nxd3 10.Qxd3 Nf6 11.Qb5+ Bd7 12.Qb3 O-O 13.Nc3 b5 14.Bg5 b4 15.
Bxf6 gxf6 16.Ne4 Kh8 17.Rfe1 a5 18.Rac1 Bb5 19.Nh4 Rg8 20.d6 Bxd6 21.Qxf7 
Bf4 22.Rc5 Rg7 23.Qxf6 Qxf6 24.Nxf6 c6 25.Nh5 Bd2 26.Rd1 Re7 27.Nf5 Re6 
28.Re5 Rxe5 29.dxe5 Bg5 30.h4 Bxh4 31.Nxh4 Be2 32.Rc1 Bxh5 33.Rxc6 Re8 34.
Rc5 a4 35.Nf5 a3 36.bxa3 bxa3 37.Ra5 Bg6 38.Nd6 Rb8 39.Rxa3 1-0

[Event "4th Tournament of Peace"]
[Site "Zagreb/Rijeka YUG"]
[Date "1985.04.22"]
[Round "2"]
[White "Cvitan, Ognjen"]
[Black "Lobron, Eric"]
[Result "1-0"]
[WhiteElo "2465"]
[BlackElo "2505"]
[EventDate "1985.04.21"]
[PlyCount "69"]

1.Nf3 Nf6 2.c4 g6 3.d4 Bg7 4.Nc3 d6 5.e4 O-O 6.Be2 Nbd7 7.O-O e5 8.Be3 h6 
9.dxe5 dxe5 10.Ne1 Nh7 11.Qd2 Ng5 12.Rd1 Kh7 13.Bg4 f5 14.exf5 gxf5 15.Qc2
e4 16.Bh5 Kh8 17.Nd5 Ne6 18.g3 c6 19.Nf4 Nxf4 20.Bxf4 Qf6 21.b3 Ne5 22.f3 
Ng6 23.Ng2 exf3 24.Rxf3 Be6 25.Re3 Rad8 26.Rde1 Bf7 27.Bxg6 Bxg6 28.Be5 
Qf7 29.Nf4 Rfe8 30.Bxg7+ Qxg7 31.Ne6 Rxe6 32.Rxe6 Bf7 33.Re7 f4 34.Qf2 Rd4
35.Rxf7 1-0

[Event "4th Tournament of Peace"]
[Site "Zagreb/Rijeka YUG"]
[Date "1985.04.22"]
[Round "2"]
[White "Handoko, Edhi"]
[Black "Bukal, Vladimir"]
[Result "0-1"]
[WhiteElo "2420"]
[BlackElo "2440"]
[EventDate "1985.04.21"]
[PlyCount "142"]

1.e4 e6 2.d4 d5 3.Nd2 Nf6 4.exd5 exd5 5.Bd3 Bd6 6.Ngf3 Qe7+ 7.Qe2 Qxe2+ 8.
Kxe2 O-O 9.Re1 Nc6 10.c3 Re8+ 11.Kf1 Rxe1+ 12.Kxe1 Bg4 13.h3 Bh5 14.Nh4 
Re8+ 15.Kf1 Ne7 16.g4 Bg6 17.Bxg6 Nxg6 18.Nxg6 hxg6 19.Nf3 Ne4 20.Nd2 f5 
21.Nxe4 dxe4 22.Bg5 Kf7 23.Re1 f4 24.f3 e3 25.Ke2 b5 26.Rd1 c6 27.h4 Ke6 
28.Kd3 a5 29.Re1 a4 30.Re2 Kd5 31.b3 Ke6 32.Ke4 Kd7+ 33.Kd3 Bc7 34.Rb2 a3 
35.Re2 Ke6 36.Ke4 Kd6+ 37.Kd3 Kd5 38.Rc2 c5 39.c4+ bxc4+ 40.Rxc4 Bd6 41.
dxc5 e2 42.Re4 e1=Q 43.Rxe1 Rxe1 44.cxd6 Re3+ 45.Kd2 Ke6 46.Bxf4 Rxf3 47.
d7 Kxd7 48.Be5 Rf2+ 49.Kc3 Rxa2 50.Kb4 Re2 51.Bxg7 a2 52.Ka3 Rg2 53.g5 Kc6
54.Bb2 Kb5 55.Bf6 Rh2 56.Bg7 Re2 57.Bc3 Re3 58.Bf6 Re6 59.Kxa2 Kb4 60.Kb2 
Re2+ 61.Kc1 Kxb3 62.Kd1 Re4 63.h5 gxh5 64.g6 Rg4 65.g7 Kc4 66.Ke2 Kd5 67.
Kf3 Ke6 68.Bd4 Kf5 69.Bc3 h4 70.Be1 h3 71.Bg3 Rxg7 0-1

[Event "4th Tournament of Peace"]
[Site "Zagreb/Rijeka YUG"]
[Date "1985.04.22"]
[Round "2"]
[White "Hulak, Krunoslav"]
[Black "Ribli, Zoltan"]
[Result "1/2-1/2"]
[WhiteElo "2450"]
[BlackElo "2615"]
[EventDate "1985.04.21"]
[PlyCount "46"]

1.c4 Nf6 2.Nc3 c5 3.Nf3 e6 4.g3 b6 5.Bg2 Bb7 6.O-O d6 7.d4 cxd4 8.Qxd4 a6 
9.Rd1 Be7 10.b3 Nbd7 11.e4 Qb8 12.Ba3 Nc5 13.Nd2 O-O 14.Bb2 Rd8 15.b4 Ncd7
16.a3 Qc7 17.Rac1 Rac8 18.h3 h5 19.Ne2 h4 20.g4 e5 21.Qe3 Nh7 22.Nf3 Qb8 
23.Bf1 Ndf8 1/2-1/2

[Event "4th Tournament of Peace"]
[Site "Zagreb/Rijeka YUG"]
[Date "1985.04.22"]
[Round "2"]
[White "Kovacevic, Vlatko"]
[Black "Sax, Gyula"]
[Result "1/2-1/2"]
[WhiteElo "2530"]
[BlackElo "2565"]
[EventDate "1985.04.21"]
[PlyCount "107"]

1.d4 Nf6 2.Nf3 d5 3.e3 g6 4.Nbd2 Bg7 5.Bd3 O-O 6.O-O c5 7.c3 Nbd7 8.b4 b6 
9.bxc5 bxc5 10.Ba3 Qc7 11.Qa4 Bb7 12.Rab1 Rfb8 13.Rfc1 c4 14.Be2 Bc6 15.
Qc2 Nb6 16.Re1 Bd7 17.Rb2 Bf5 18.Qd1 Bd3 19.Nb1 Bxe2 20.Rexe2 Ne4 21.Nfd2 
Nxd2 22.Rexd2 e5 23.Rb5 a6 24.Rc5 Qd7 25.dxe5 Bxe5 26.Bb4 Qe8 27.Ra5 Qe6 
28.Qf3 Bc7 29.Na3 Rd8 30.g3 Bd6 31.Nc2 Qe5 32.Raxd5 Nxd5 33.Rxd5 Qxd5 34.
Qxd5 Bxb4 35.Qxc4 Bf8 36.Nd4 Rdc8 37.Qd5 Ra7 38.h4 Rac7 39.Qa5 Rxc3 40.
Qxa6 Rb8 41.a4 Ra3 42.h5 Rb2 43.Nb5 Ra1+ 44.Kg2 Raa2 45.Qf6 Rd2 46.Qf4 Bh6
47.Qb8+ Bf8 48.Qf4 Bh6 49.Qf3 Rd3 50.Qa8+ Kg7 51.Qe4 Rdd2 52.Qe5+ Kg8 53.
Qb8+ Bf8 54.Qf4 1/2-1/2

[Event "4th Tournament of Peace"]
[Site "Zagreb/Rijeka YUG"]
[Date "1985.04.22"]
[Round "2"]
[White "Marjanovic, Slavoljub"]
[Black "Cebalo, Miso"]
[Result "1/2-1/2"]
[WhiteElo "2505"]
[BlackElo "2485"]
[EventDate "1985.04.21"]
[PlyCount "46"]

1.e4 c5 2.Nf3 d6 3.d4 cxd4 4.Nxd4 Nf6 5.Nc3 e6 6.Be2 Be7 7.O-O Nc6 8.Be3 
Bd7 9.Nb3 a6 10.a4 Na5 11.Nxa5 Qxa5 12.f4 Rc8 13.Qd2 Bc6 14.Bf3 Qc7 15.a5 
O-O 16.Rfd1 Nd7 17.Bf2 Qb8 18.Na4 Rce8 19.c4 Nc5 20.Nxc5 dxc5 21.Qe3 Rd8 
22.e5 Qc7 23.Be1 g6 1/2-1/2

[Event "4th Tournament of Peace"]
[Site "Zagreb/Rijeka YUG"]
[Date "1985.04.23"]
[Round "3"]
[White "Bukal, Vladimir"]
[Black "Kovacevic, Vlatko"]
[Result "0-1"]
[WhiteElo "2440"]
[BlackElo "2530"]
[EventDate "1985.04.21"]
[PlyCount "102"]

1.c4 e5 2.Nc3 Nc6 3.g3 f5 4.Bg2 Nf6 5.e3 Be7 6.Nge2 O-O 7.d4 d6 8.d5 Nb8 
9.e4 fxe4 10.Nxe4 Nxe4 11.Bxe4 Nd7 12.Bg2 a5 13.Nc3 Nc5 14.Be3 b6 15.O-O 
Bg5 16.Qh5 Bxe3 17.fxe3 g6 18.Rxf8+ Qxf8 19.Qh4 Bd7 20.Ne4 Nxe4 21.Bxe4 
Kg7 22.g4 h6 23.g5 hxg5 24.Qxg5 Qf6 25.Qg3 Rf8 26.Bd3 Be8 27.Rf1 Qe7 28.
Rxf8 Qxf8 29.h4 Qf6 30.Qf2 Bd7 31.Qxf6+ Kxf6 32.Kf2 Bf5 33.e4 Bg4 34.Bc2 
g5 35.hxg5+ Kxg5 36.Kg3 Be2 37.b3 a4 38.Kf2 Bg4 39.Ke3 a3 40.b4 Bh3 41.Bd3
Kg4 42.Be2+ Kg3 43.Bd3 Bg4 44.Bc2 Kg2 45.c5 bxc5 46.bxc5 dxc5 47.Kd3 Kf2 
48.Kc4 Ke3 49.Kxc5 Bf3 50.Bb3 Bxe4 51.Bc4 Bc2 0-1

[Event "4th Tournament of Peace"]
[Site "Zagreb/Rijeka YUG"]
[Date "1985.04.23"]
[Round "3"]
[White "Lobron, Eric"]
[Black "Ivanovic, Bozidar"]
[Result "1/2-1/2"]
[WhiteElo "2505"]
[BlackElo "2515"]
[EventDate "1985.04.21"]
[PlyCount "40"]

1.Nf3 c5 2.c4 Nc6 3.Nc3 Nf6 4.g3 d5 5.cxd5 Nxd5 6.Bg2 Nc7 7.d3 e5 8.Nd2 
Be6 9.Nc4 Qd7 10.Qa4 f6 11.f4 Nd4 12.Qxd7+ Bxd7 13.Kf2 exf4 14.Bxf4 O-O-O 
15.Rhc1 Nce6 16.Ne4 Nxf4 17.gxf4 Bc6 18.Na5 Bxe4 19.Bxe4 b6 20.Nc4 f5 
1/2-1/2

[Event "4th Tournament of Peace"]
[Site "Zagreb/Rijeka YUG"]
[Date "1985.04.23"]
[Round "3"]
[White "Rukavina, Josip"]
[Black "Hulak, Krunoslav"]
[Result "1/2-1/2"]
[WhiteElo "2470"]
[BlackElo "2450"]
[EventDate "1985.04.21"]
[PlyCount "27"]

1.Nf3 Nf6 2.c4 g6 3.Nc3 Bg7 4.e4 O-O 5.d4 d6 6.Be2 e5 7.O-O Nc6 8.Be3 Ng4 
9.Bg5 f6 10.Bh4 Nh6 11.Bg3 exd4 12.Nxd4 f5 13.Nxc6 bxc6 14.Qd2 1/2-1/2

[Event "4th Tournament of Peace"]
[Site "Zagreb/Rijeka YUG"]
[Date "1985.04.24"]
[Round "4"]
[White "Hulak, Krunoslav"]
[Black "Lobron, Eric"]
[Result "1-0"]
[WhiteElo "2450"]
[BlackElo "2505"]
[EventDate "1985.04.21"]
[PlyCount "87"]

1.d4 Nf6 2.c4 e6 3.Nc3 c5 4.d5 exd5 5.cxd5 d6 6.e4 g6 7.f4 Bg7 8.Bb5+ Nfd7
9.a4 a6 10.Be2 Qh4+ 11.g3 Qd8 12.Nf3 O-O 13.O-O Re8 14.Nd2 Nf6 15.Bf3 Bh3 
16.Re1 Nbd7 17.Nc4 Nb6 18.Ne3 h5 19.Qd3 Rb8 20.Bd2 Nc8 21.Rab1 Na7 22.b4 
cxb4 23.Rxb4 Nd7 24.Qb1 Nc5 25.Nc4 a5 26.Rb6 Nc8 27.Rb5 Bd4+ 28.Kh1 Bd7 
29.Rxa5 b6 30.Rb5 Qf6 31.Qc2 Nxa4 32.e5 dxe5 33.Ne4 Qf5 34.Qxa4 exf4 35.
Qb3 fxg3 36.Nxg3 Rxe1+ 37.Bxe1 Qf4 38.Ne2 Qf6 39.Nxd4 Qxd4 40.Rb4 Ra8 41.
Qc3 Qxc3 42.Bxc3 b5 43.Ne5 Ra3 44.Bb2 1-0

[Event "4th Tournament of Peace"]
[Site "Zagreb/Rijeka YUG"]
[Date "1985.04.24"]
[Round "4"]
[White "Ivanovic, Bozidar"]
[Black "Smejkal, Jan"]
[Result "0-1"]
[WhiteElo "2515"]
[BlackElo "2555"]
[EventDate "1985.04.21"]
[PlyCount "86"]

1.e4 e5 2.Nf3 Nc6 3.Bb5 a6 4.Ba4 Nf6 5.O-O Be7 6.Re1 b5 7.Bb3 d6 8.c3 O-O 
9.d4 Bg4 10.Be3 exd4 11.cxd4 Na5 12.Bc2 c5 13.Nbd2 cxd4 14.Bxd4 Nc6 15.Be3
d5 16.exd5 Nxd5 17.Bxh7+ Kxh7 18.Qc2+ Kg8 19.Qxc6 Bb4 20.Bg5 f6 21.Re4 Rc8
22.Qxa6 Qd7 23.Nd4 fxg5 24.N2f3 Bxf3 25.gxf3 Nf6 26.Qe6+ Rf7 27.Re5 Rc5 
28.Nb3 Qxe6 29.Rxe6 Rf5 30.a4 Rxf3 31.Nd4 Rf4 32.Ne2 Rg4+ 33.Ng3 Ra7 34.b3
Rf4 35.Rc1 bxa4 36.bxa4 Rxa4 37.Rc2 Ra5 38.Kg2 Rd5 39.Rb6 Rd2 40.Rxd2 Bxd2
41.Ne2 Re4 42.Ng3 Re5 43.Rb7 Bf4 0-1

[Event "4th Tournament of Peace"]
[Site "Zagreb/Rijeka YUG"]
[Date "1985.04.24"]
[Round "4"]
[White "Marjanovic, Slavoljub"]
[Black "Sax, Gyula"]
[Result "1/2-1/2"]
[WhiteElo "2505"]
[BlackElo "2565"]
[EventDate "1985.04.21"]
[PlyCount "43"]

1.e4 c5 2.Nf3 d6 3.d4 cxd4 4.Nxd4 Nf6 5.Nc3 e6 6.Be2 a6 7.O-O Be7 8.f4 Qc7
9.a4 Nc6 10.Be3 O-O 11.Kh1 Re8 12.Bg1 Bd7 13.Qd3 Rac8 14.Qg3 d5 15.exd5 
exd5 16.Bd3 Nb4 17.Nf5 Bxf5 18.Bxf5 Rcd8 19.Bd4 g6 20.a5 Qc4 21.Bb6 Rd6 
22.Bd4 1/2-1/2

[Event "4th Tournament of Peace"]
[Site "Zagreb/Rijeka YUG"]
[Date "1985.04.24"]
[Round "4"]
[White "Popovic, Petar"]
[Black "Bukal, Vladimir"]
[Result "1/2-1/2"]
[WhiteElo "2540"]
[BlackElo "2440"]
[EventDate "1985.04.21"]
[PlyCount "57"]

1.e4 e6 2.d4 d5 3.Nd2 Nf6 4.e5 Nfd7 5.c3 c5 6.Bd3 Nc6 7.Ne2 a5 8.O-O cxd4 
9.cxd4 a4 10.Nf3 Be7 11.Nc3 Nb6 12.a3 Bd7 13.Bc2 Ra5 14.g3 Na7 15.h4 h6 
16.Nd2 Nb5 17.Ndb1 Bc6 18.h5 Kd7 19.Re1 Bg5 20.f4 Be7 21.Nxb5 Bxb5 22.Nc3 
Bc6 23.Kh2 Ra8 24.Rf1 Kc7 25.Rb1 Qd7 26.f5 Bg5 27.fxe6 fxe6 28.Bxg5 hxg5 
29.Bg6 1/2-1/2

[Event "4th Tournament of Peace"]
[Site "Zagreb/Rijeka YUG"]
[Date "1985.04.26"]
[Round "5"]
[White "Bukal, Vladimir"]
[Black "Marjanovic, Slavoljub"]
[Result "1/2-1/2"]
[WhiteElo "2440"]
[BlackElo "2505"]
[EventDate "1985.04.21"]
[PlyCount "86"]

1.c4 e6 2.Nc3 c5 3.Nf3 d5 4.cxd5 exd5 5.d4 Nc6 6.e3 Nf6 7.Be2 Bd6 8.Nb5 
Be7 9.dxc5 Bxc5 10.O-O O-O 11.a3 Qe7 12.b4 Bb6 13.Bb2 Rd8 14.Nbd4 Ne4 15.
Rc1 Rd6 16.Qd3 Rh6 17.b5 Nxd4 18.Bxd4 Bf5 19.Qb3 Bg4 20.Bxb6 axb6 21.Qb4 
Qf6 22.Rc2 Rg6 23.Ne1 Bxe2 24.Rxe2 h5 25.f4 Qc3 26.Qxc3 Nxc3 27.Rd2 Rxa3 
28.Nd3 Re6 29.Nb4 h4 30.Nxd5 Nxd5 31.Rxd5 Rexe3 32.Rh5 h3 33.Rd1 g6 34.
Rxh3 Rxh3 35.gxh3 Rb3 36.Rd5 Kf8 37.Kg2 Ke7 38.h4 Ke6 39.Re5+ Kd6 40.h5 
Rb2+ 41.Kg3 gxh5 42.Rxh5 f6 43.h4 Ke6 1/2-1/2

[Event "4th Tournament of Peace"]
[Site "Zagreb/Rijeka YUG"]
[Date "1985.04.26"]
[Round "5"]
[White "Cvitan, Ognjen"]
[Black "Ivanovic, Bozidar"]
[Result "1-0"]
[WhiteElo "2465"]
[BlackElo "2515"]
[EventDate "1985.04.21"]
[PlyCount "115"]

1.Nf3 d5 2.d4 c5 3.c4 e6 4.cxd5 exd5 5.g3 Nf6 6.Bg2 Be7 7.O-O O-O 8.Nc3 
Nc6 9.b3 Ne4 10.Bb2 Bf6 11.Na4 cxd4 12.Nxd4 Re8 13.Rc1 Bxd4 14.Bxd4 Bf5 
15.Nc5 Qe7 16.Nxe4 dxe4 17.Bc5 Qe6 18.Qd6 Qxd6 19.Bxd6 Nd4 20.Rfe1 e3 21.
Bxb7 Rad8 22.Bf4 Nc2 23.Red1 Nd4 24.Ba6 exf2+ 25.Kxf2 Nc2 26.Bb5 Rxd1 27.
Rxd1 Rc8 28.Bd7 Bxd7 29.Rxd7 Ra8 30.Be3 a6 31.Bc5 a5 32.Ra7 Rxa7 33.Bxa7 
Nb4 34.a3 Nc6 35.Bc5 f5 36.Ke3 Kf7 37.Kd3 Ne5+ 38.Kc3 Ng4 39.Bg1 Ne5 40.
Bd4 Ng4 41.h3 Nh2 42.Kd3 g5 43.a4 Ke6 44.Bc3 Nf1 45.Bxa5 Nxg3 46.Be1 Ne4 
47.a5 h5 48.Kd4 Kd6 49.a6 Kc6 50.Ke5 Nc5 51.a7 Kb7 52.b4 Nb3 53.Kxf5 g4 
54.hxg4 hxg4 55.e4 g3 56.Bxg3 Nd4+ 57.Kf6 Nc6 58.Bd6 1-0

[Event "4th Tournament of Peace"]
[Site "Zagreb/Rijeka YUG"]
[Date "1985.04.26"]
[Round "5"]
[White "Lobron, Eric"]
[Black "Handoko, Edhi"]
[Result "1-0"]
[WhiteElo "2505"]
[BlackElo "2420"]
[EventDate "1985.04.21"]
[PlyCount "101"]

1.e4 e5 2.Nf3 Nf6 3.Nxe5 d6 4.Nf3 Nxe4 5.d4 d5 6.Bd3 Be7 7.O-O Nc6 8.c4 
Nf6 9.Nc3 O-O 10.h3 dxc4 11.Bxc4 Na5 12.Bd3 Be6 13.Re1 Nc6 14.a3 Re8 15.
Bb5 Qd6 16.Bg5 Red8 17.Bxf6 Bxf6 18.Ne4 Qf4 19.Bxc6 bxc6 20.Qc1 Qf5 21.
Nxf6+ Qxf6 22.Qxc6 Rac8 23.Rac1 h6 24.Rc5 Qf4 25.Re4 Qf6 26.Re3 Qg6 27.Kh2
Rd6 28.Qb5 Rb6 29.Qe2 Qf6 30.b4 Rd6 31.Rec3 Bd5 32.Qe5 Qd8 33.Nd2 a6 34.
Rg3 g6 35.Nf1 Be6 36.f4 Kh7 37.Ne3 Rxd4 38.f5 Ba2 39.fxg6+ fxg6 40.Ng4 Rd6
41.Rf3 h5 42.Nf6+ Kh6 43.Qg5+ Kg7 44.Nxh5+ Kh7 45.Nf6+ Kg7 46.Rcf5 Qh8 47.
Nh5+ Kh7 48.Qe7+ Kh6 49.Qe3+ Kh7 50.Nf6+ Kg7 51.Qe7+ 1-0

[Event "4th Tournament of Peace"]
[Site "Zagreb/Rijeka YUG"]
[Date "1985.04.26"]
[Round "5"]
[White "Rukavina, Josip"]
[Black "Kovacevic, Vlatko"]
[Result "1/2-1/2"]
[WhiteElo "2470"]
[BlackElo "2530"]
[EventDate "1985.04.21"]
[PlyCount "95"]

1.Nf3 Nf6 2.c4 e6 3.g3 d5 4.b3 c6 5.Bg2 b5 6.cxb5 cxb5 7.O-O Nbd7 8.Nc3 b4
9.Na4 Ba6 10.d3 Nc5 11.Nxc5 Bxc5 12.Bb2 O-O 13.e3 Rc8 14.Qd2 Qb6 15.Rfc1 
Rc6 16.Ne5 Rc7 17.Rc2 Rfc8 18.Rac1 Bb5 19.Bf1 a5 20.d4 Bd6 21.Rxc7 Rxc7 
22.Rxc7 Bxc7 23.Bxb5 Qxb5 24.Qc2 Qb6 25.f3 h5 26.Kf2 g5 27.Qc5 g4 28.Qxb6 
Bxb6 29.fxg4 Nxg4+ 30.Nxg4 hxg4 31.Ke2 Kg7 32.Kd3 Kg6 33.a3 bxa3 34.Bxa3 
Kf5 35.Bd6 f6 36.Bb8 e5 37.Bd6 Ke6 38.Ba3 Kd7 39.Bb2 e4+ 40.Kc2 Kc6 41.Ba3
Bd8 42.Bf8 Kb5 43.Bd6 f5 44.Bf8 Bg5 45.Kd2 a4 46.bxa4+ Kxa4 47.Bg7 Kb3 48.
Be5 1/2-1/2

[Event "4th Tournament of Peace"]
[Site "Zagreb/Rijeka YUG"]
[Date "1985.04.26"]
[Round "5"]
[White "Sax, Gyula"]
[Black "Cebalo, Miso"]
[Result "1-0"]
[WhiteElo "2565"]
[BlackElo "2485"]
[EventDate "1985.04.21"]
[PlyCount "81"]

1.e4 c5 2.Nf3 d6 3.d4 cxd4 4.Nxd4 Nf6 5.Nc3 e6 6.g4 h6 7.h4 Nc6 8.Rg1 h5 
9.gxh5 Nxh5 10.Bg5 Nf6 11.Qd2 a6 12.O-O-O Qb6 13.Nb3 Bd7 14.Qe2 Qc7 15.Rg3
O-O-O 16.Rgd3 Kb8 17.f3 Be7 18.Qf2 Bc8 19.Kb1 Ne8 20.Na4 Bxg5 21.hxg5 f6 
22.Rc3 d5 23.Nd4 Rd6 24.gxf6 gxf6 25.exd5 exd5 26.a3 Rh1 27.Ka2 Bh3 28.Re1
Ng7 29.Nxc6+ Rxc6 30.Rxc6 Qxc6 31.Bb5 axb5 32.Rxh1 bxa4 33.Rxh3 Nf5 34.
Rh8+ Kc7 35.Qh2+ Kb6 36.Qf4 d4 37.Qxf5 Qc4+ 38.b3 axb3+ 39.cxb3 Qe2+ 40.
Ka1 Qe1+ 41.Qb1 1-0

[Event "4th Tournament of Peace"]
[Site "Zagreb/Rijeka YUG"]
[Date "1985.04.26"]
[Round "5"]
[White "Smejkal, Jan"]
[Black "Hulak, Krunoslav"]
[Result "0-1"]
[WhiteElo "2555"]
[BlackElo "2450"]
[EventDate "1985.04.21"]
[PlyCount "50"]

1.Nf3 Nf6 2.c4 g6 3.d4 Bg7 4.g3 O-O 5.Bg2 d5 6.cxd5 Nxd5 7.O-O Nc6 8.e4 
Nb6 9.d5 Na5 10.Nc3 c6 11.Bg5 Nac4 12.Qc1 Bg4 13.dxc6 bxc6 14.h3 Bxf3 15.
Bxf3 Qd6 16.Rb1 Rfd8 17.Bg2 a5 18.Ne2 Qb4 19.Qc2 Nd2 20.Qxc6 Nxb1 21.Rxb1 
Rac8 22.Qb7 Rd7 23.Qa6 Ra8 24.a3 Qb3 25.Nc1 Rd1+ 0-1

[Event "4th Tournament of Peace"]
[Site "Zagreb/Rijeka YUG"]
[Date "1985.04.27"]
[Round "6"]
[White "Handoko, Edhi"]
[Black "Smejkal, Jan"]
[Result "1-0"]
[WhiteElo "2420"]
[BlackElo "2555"]
[EventDate "1985.04.21"]
[PlyCount "70"]

1.e4 e5 2.Nf3 Nc6 3.d4 exd4 4.Nxd4 Bc5 5.Nf5 g6 6.Ne3 Nf6 7.Nc3 O-O 8.Bd3 
Re8 9.O-O d6 10.Kh1 Ne5 11.Be2 Ned7 12.f3 a6 13.a3 Nf8 14.b4 Ba7 15.Bc4 c6
16.Qd3 Be6 17.Bxe6 Nxe6 18.Ne2 d5 19.e5 Nd7 20.f4 Qh4 21.Bb2 Ng7 22.Bd4 
Bxd4 23.Nxd4 Nf8 24.Rf3 Nfe6 25.Raf1 Nxd4 26.Qxd4 Ne6 27.Qd3 f5 28.exf6 
Qxf6 29.f5 gxf5 30.Nxf5 Ng5 31.Rg3 Kh8 32.Ne3 Qe5 33.Ng4 Qd4 34.Nf6 Qxd3 
35.cxd3 Ne6 1-0

[Event "4th Tournament of Peace"]
[Site "Zagreb/Rijeka YUG"]
[Date "1985.04.27"]
[Round "6"]
[White "Kovacevic, Vlatko"]
[Black "Lobron, Eric"]
[Result "1/2-1/2"]
[WhiteElo "2530"]
[BlackElo "2505"]
[EventDate "1985.04.21"]
[PlyCount "151"]

1.d4 Nf6 2.Nf3 d5 3.Bf4 Bg4 4.e3 e6 5.h3 Bh5 6.c4 Bb4+ 7.Nc3 c5 8.a3 Bxc3+
9.bxc3 Qa5 10.Rc1 Nbd7 11.cxd5 Nxd5 12.Bd6 Bxf3 13.gxf3 Rc8 14.Qd2 Rc6 15.
Bh2 cxd4 16.c4 Qxd2+ 17.Kxd2 dxe3+ 18.fxe3 Nc5 19.Rb1 Nb6 20.Bb8 a6 21.Rg1
Nbd7 22.Bf4 e5 23.Bh2 O-O 24.Bg2 f5 25.Rgd1 Nb6 26.Bf1 e4 27.Ke1 exf3 28.
Bd6 f2+ 29.Ke2 Nba4 30.Bxf8 Nc3+ 31.Kxf2 Nxd1+ 32.Rxd1 Ne4+ 33.Kf3 Kxf8 
34.Rd7 Nc5 35.Rd8+ Ke7 36.Rh8 Ne4 37.Rb8 b6 38.Kf4 g5+ 39.Ke5 Rc5+ 40.Kd4 
Rc6 41.Bg2 Rd6+ 42.Ke5 Re6+ 43.Kd4 Kf6 44.Rf8+ Kg6 45.Rb8 h5 46.Bxe4 Rxe4+
47.Kd5 g4 48.hxg4 hxg4 49.Rxb6+ Kg5 50.c5 Rxe3 51.c6 Rc3 52.Rxa6 f4 53.Kd4
Rc1 54.Ra5+ Kf6 55.Rc5 Rxc5 56.Kxc5 Ke7 57.Kb6 g3 58.c7 g2 59.c8=Q g1=Q+ 
60.Kb5 Qb1+ 61.Ka5 Qe1+ 62.Kb5 Qe2+ 63.Kb4 Qb2+ 64.Ka4 Qd4+ 65.Kb3 Qb6+ 
66.Kc3 f3 67.Kd3 Qb5+ 68.Ke3 Qe2+ 69.Kf4 f2 70.Qc2 Ke8 71.Qc8+ Kf7 72.Qc7+
Kf8 73.Qc8+ Kf7 74.Qc7+ Qe7 75.Qc4+ Qe6 76.Qf1 1/2-1/2

[Event "4th Tournament of Peace"]
[Site "Zagreb/Rijeka YUG"]
[Date "1985.04.27"]
[Round "6"]
[White "Popovic, Petar"]
[Black "Rukavina, Josip"]
[Result "1/2-1/2"]
[WhiteElo "2540"]
[BlackElo "2470"]
[EventDate "1985.04.21"]
[PlyCount "96"]

1.e4 g6 2.d4 Bg7 3.Nf3 d6 4.Bc4 Nf6 5.Qe2 Nc6 6.e5 dxe5 7.dxe5 Nd5 8.O-O 
Bg4 9.Rd1 Bxf3 10.Qxf3 e6 11.Bb5 Qh4 12.g3 Qh5 13.Qxh5 gxh5 14.f4 O-O-O 
15.c3 Bf8 16.Re1 Rg8 17.Kg2 h4 18.Kf3 hxg3 19.hxg3 Ncb4 20.Na3 Nd3 21.Re3 
Nxc1 22.Rxc1 Bxa3 23.bxa3 Ne7 24.Rd3 c6 25.Rxd8+ Rxd8 26.Be2 Rd2 27.Rh1 
Rxa2 28.Rxh7 Rxa3 29.Rxf7 Rxc3+ 30.Kf2 Kd8 31.Bg4 Kd7 32.Rf6 Nf5 33.Bxf5 
exf5 34.Rxf5 b5 35.Rh5 b4 36.f5 Rc5 37.e6+ Kd6 38.g4 b3 39.Rh1 b2 40.Rb1 
Rb5 41.Ke2 a5 42.Kd2 a4 43.Kc2 a3 44.Rd1+ Ke7 45.Kb1 Kf6 46.Rf1 Rb7 47.Ka2
c5 48.g5+ Ke5 1/2-1/2

[Event "4th Tournament of Peace"]
[Site "Zagreb/Rijeka YUG"]
[Date "1985.04.27"]
[Round "6"]
[White "Timman, Jan"]
[Black "Sax, Gyula"]
[Result "1/2-1/2"]
[WhiteElo "2650"]
[BlackElo "2565"]
[EventDate "1985.04.21"]
[PlyCount "34"]

1.d4 Nf6 2.c4 g6 3.Nc3 Bg7 4.e4 d6 5.f3 O-O 6.Be3 c5 7.dxc5 dxc5 8.Qxd8 
Rxd8 9.Bxc5 Nc6 10.Nd5 Nd7 11.Nxe7+ Nxe7 12.Bxe7 Bxb2 13.Rb1 Bc3+ 14.Kf2 
Bd4+ 15.Kg3 Re8 16.Bg5 Nf6 17.Nh3 Nh5+ 1/2-1/2

[Event "4th Tournament of Peace"]
[Site "Zagreb/Rijeka YUG"]
[Date "1985.04.28"]
[Round "7"]
[White "Cvitan, Ognjen"]
[Black "Handoko, Edhi"]
[Result "1-0"]
[WhiteElo "2465"]
[BlackElo "2420"]
[EventDate "1985.04.21"]
[PlyCount "87"]

1.Nf3 d5 2.d4 e6 3.c4 c5 4.cxd5 exd5 5.g3 Nf6 6.Bg2 Be7 7.O-O O-O 8.Nc3 
Nc6 9.Bg5 cxd4 10.Nxd4 h6 11.Be3 Re8 12.Qa4 Bd7 13.Rfd1 Na5 14.Qc2 Rc8 15.
Nf5 Be6 16.Nxe7+ Rxe7 17.Bd4 Rd7 18.Rac1 Ne8 19.Qd3 Nc6 20.e3 Nxd4 21.Qxd4
a6 22.Qe5 Nf6 23.h3 Rdc7 24.Rd4 Nd7 25.Qf4 Rc4 26.Rcd1 Rxd4 27.Rxd4 Nf6 
28.e4 Qb6 29.exd5 Qxb2 30.Nd1 Qxa2 31.dxe6 Qxe6 32.Bxb7 Re8 33.Kg2 a5 34.
Ne3 Qb6 35.Bf3 Rd8 36.Nd5 Nxd5 37.Rxd5 Rxd5 38.Bxd5 Qa7 39.Qe4 Qd7 40.Bc6 
Qc7 41.Qe8+ Kh7 42.Bd5 Kg6 43.Qe4+ Kf6 44.Qh4+ 1-0